| 000 | 01117nam a2200313 a 4500 | ||
|---|---|---|---|
| 999 |
_c529559 _d529559 |
||
| 001 | 2945664 | ||
| 003 | NUST | ||
| 005 | 20190927152911.0 | ||
| 008 | 900509s1990 dcu b f000 0 eng | ||
| 010 | _a 90070737 | ||
| 020 |
_a0309049091 (pbk.) : _c$7.00 |
||
| 038 | _aMSOHAIL | ||
| 040 |
_aDLC _cDLC |
||
| 043 | _an-us--- | ||
| 050 | 0 | 0 |
_aHD9565 _b.R45 1990 |
| 082 | 0 | 0 |
_a336.278665538270973 _220 |
| 100 | 1 |
_aReno, A. T. _q(Arlee T.) _921836 |
|
| 245 | 1 | 0 |
_aMeasures to curtail state fuel tax evasion / _cArlee T. Reno. |
| 260 |
_aWashington, D.C. : _bTransportation Research Board, National Research Council, _c[1990] |
||
| 300 |
_a14 p. ; _c28 cm. |
||
| 440 | 0 |
_aSynthesis of highway practice, _x0547-5570 ; _v164 _921837 |
|
| 500 | _a"October 1990." | ||
| 504 | _aIncludes bibliographical references (p. 14). | ||
| 650 | 0 |
_aMotor fuels _xTaxation _zUnited States _xStates. _921838 |
|
| 650 | 0 |
_aTax evasion _zUnited States _xStates. _921839 |
|
| 906 |
_a7 _bcbc _corignew _d2 _eopcn _f19 _gy-gencatlg |
||
| 942 |
_2ddc _cBK |
||